Top 15 biggest cities in the Region of Southern Denmark - Statistics

General Stats
  • This quiz has been taken 11 times
  • The average score is 13 of 15
Answer Stats
Hint Answer % Correct
71,698 Esbjerg
100%
40,886 Fredericia
100%
61,638 Kolding
100%
16,277 Middelfart
100%
17,525 Nyborg
100%
180,863 Odense
100%
27,766 Sønderborg
89%
27,300 Svendborg
89%
60,231 Vejle
89%
16,401 Aabenraa
78%
22,011 Haderslev
78%
8,257 Ribe
78%
14,039 Varde
78%
10,009 Vejen
78%
9,750 Grindsted
44%
No matching quizzes found
Score Distribution
Percent of People with Each Score
Percentile by Number Answered
Your Score History
You have not taken this quiz